[Event "PNWCC Masters WOO 2020"]
[Site "chess.com INT"]
[Date "2020.07.05"]
[Round "6.46"]
[White "Pradhyumna Kumar K"]
[Black "Ho, Carter"]
[Result "0-1"]
[WhiteElo "1844"]
[BlackElo "1415"]
[WhiteFideId "35081110"]
[BlackFideId "30965292"]
[EventDate "2020.07.04"]

1. e4 e5 2. Nf3 Nc6 3. Bb5 a6 4. Ba4 Nf6 5. O-O Be7 6. Re1 b5 7. Bb3 d6 8. c3
O-O 9. h3 Nb8 10. d3 Nbd7 11. Nbd2 Bb7 12. Nf1 Nc5 13. Bc2 Re8 14. Ng3 g6 15.
Bh6 Bf8 16. Bxf8 Rxf8 17. Qd2 Kh8 18. b4 Ncd7 19. d4 Qe7 20. d5 Nb6 21. Bb3 c6
22. Rad1 cxd5 23. Qe3 Nc4 24. Bxc4 dxc4 25. Nh4 Rad8 26. Nf3 Ng8 27. Qb6 Bc8 28.
Rd2 Rd7 29. Nf1 Qd8 30. Qe3 f6 31. g4 Bb7 32. Red1 Qc7 33. Ng3 Rfd8 34. g5 Qc6
35. gxf6 Nxf6 36. Re1 Rf8 37. Nh4 Re8 38. Qg5 Rf7 39. f3 Qd7 40. Kg2 Bc8 41. Rh1
Ng8 42. Kf2 Qd8 43. Qg4 Bxg4 44. hxg4 Qg5 45. Rxd6 Nf6 46. Ke2 Rd7 47. Rxa6 Rd2+
48. Kf1 Rd1+ 49. Ke2 Rxh1 50. Nxh1 Qxh4 51. Nf2 Rd8 52. a4 bxa4 53. b5 Nd7 54.
b6 Rb8 55. Ra7 Nxb6 56. Ke3 Qg5+ 57. Ke2 Rd8 58. Rb7 Rd2+ 59. Kf1 Qe3 60. Rb8+
Kg7 61. Rb7+ Nd7 62. Rxd7+ Rxd7 63. f4 Rd2 64. f5 Qxf2# 0-1

[Event "PNWCC Masters WOO 2020"]
[Site "chess.com INT"]
[Date "2020.07.05"]
[Round "6.47"]
[White "Chang, Eddie"]
[Black "Sairam, Pranav"]
[Result "1-0"]
[WhiteElo "1667"]
[BlackElo "1810"]
[WhiteFideId "30960932"]
[BlackFideId "30951330"]
[EventDate "2020.07.04"]

1. d4 d5 2. c4 e6 3. Nc3 Nf6 4. cxd5 exd5 5. Bg5 Nbd7 6. e3 c6 7. Bd3 Be7 8. Qc2
O-O 9. Nf3 Re8 10. O-O Nf8 11. Rae1 Ne4 12. Bxe7 Qxe7 13. Bxe4 dxe4 14. Nd2 f5
15. f3 exf3 16. Nxf3 Be6 17. e4 fxe4 18. Rxe4 Ng6 19. Rfe1 Qd7 20. Ng5 Bf5 21.
Qb3+ Kh8 22. Nf7+ Kg8 23. Ng5+ Kh8 24. Rxe8+ Rxe8 25. Rxe8+ Qxe8 26. Nf7+ Kg8
27. Nd6+ Qe6 28. Nxf5 Qxb3 29. axb3 Nf4 30. Nd6 Nd3 31. Nxb7 Nxb2 32. Nc5 1-0

[Event "PNWCC Masters WOO 2020"]
[Site "chess.com INT"]
[Date "2020.07.05"]
[Round "6.48"]
[White "Ji, Yunze Owen"]
[Black "Ho, Cooper"]
[Result "1/2-1/2"]
[WhiteElo "1553"]
[BlackElo "1663"]
[WhiteFideId "30965276"]
[BlackFideId "30964610"]
[EventDate "2020.07.04"]

1. Nf3 d5 2. d4 Nf6 3. c4 c6 4. Qb3 dxc4 5. Qxc4 Bf5 6. g3 e6 7. Bg2 Be7 8. O-O
O-O 9. e3 Nbd7 10. Rd1 Ne4 11. Ne1 Nd6 12. Qe2 Bg6 13. e4 f6 14. Nc3 e5 15. d5
Qc7 16. f4 Bf7 17. Be3 Rfe8 18. Rac1 Qa5 19. f5 Rac8 20. a3 cxd5 21. Nxd5 Rxc1
22. Bxc1 Bf8 23. Bd2 Qd8 24. Be3 Bxd5 25. Rxd5 Nb6 26. Rd1 Qc7 27. Rc1 Qf7 28.
Bxb6 axb6 29. Bf1 g6 30. g4 Qd7 31. Qd2 Rd8 32. Rd1 Qc6 33. Qd5+ Qxd5 34. Rxd5
Rc8 35. Bd3 Kf7 36. Kf2 Ke7 37. Nc2 Bh6 38. Ne3 Bxe3+ 39. Kxe3 Nc4+ 40. Bxc4
Rxc4 41. Rb5 Rc6 42. Kd3 Rd6+ 43. Kc3 Kd7 44. fxg6 hxg6 45. h4 Kc6 46. Rb4 Rd1
47. Rc4+ Kd7 48. Rb4 Kc7 49. Rc4+ Kb8 50. Rb4 Kc7 51. Rc4+ Kb8 52. Rb4 Kc7 1/2-1/2

[Event "PNWCC Masters WOO 2020"]
[Site "chess.com INT"]
[Date "2020.07.05"]
[Round "6.50"]
[White "Aaron, Michael"]
[Black "Jiang, Leo"]
[Result "1/2-1/2"]
[WhiteElo "1699"]
[BlackElo "1592"]
[WhiteFideId "30963346"]
[BlackFideId "30952140"]
[EventDate "2020.07.04"]

1. Nf3 Nf6 2. c4 c5 3. Nc3 Nc6 4. d4 cxd4 5. Nxd4 g6 6. e4 d6 7. Be2 Nxd4 8.
Qxd4 Bg7 9. Be3 O-O 10. Qd2 Bd7 11. O-O Ng4 12. Bxg4 Bxg4 13. f3 Be6 14. b3 Rc8
15. Rfd1 a6 16. Rac1 Re8 17. Bd4 Bxd4+ 18. Qxd4 Qa5 19. Kh1 b5 20. e5 bxc4 21.
exd6 exd6 22. Ne4 cxb3 23. Nf6+ Kf8 24. Qxd6+ Kg7 25. Nxe8+ Rxe8 26. Qd4+ Kg8
27. axb3 Bxb3 28. Qd2 Qxd2 29. Rxd2 a5 30. Rd7 a4 31. Ra7 Kg7 32. h4 Re5 33. Kh2
h5 34. Kg3 Rf5 35. Rc3 Rd5 36. Re3 1/2-1/2

[Event "PNWCC Masters WOO 2020"]
[Site "chess.com INT"]
[Date "2020.07.05"]
[Round "6.51"]
[White "Lu, Ming"]
[Black "Harish, Neeraj"]
[Result "1-0"]
[WhiteElo "2084"]
[BlackElo "1472"]
[WhiteFideId "30930880"]
[BlackFideId "30958130"]
[EventDate "2020.07.04"]

1. c4 e6 2. Nf3 d5 3. g3 Nf6 4. Bg2 Be7 5. O-O O-O 6. b3 c5 7. cxd5 exd5 8. Bb2
Nc6 9. d4 Be6 10. Nc3 Rc8 11. dxc5 Bxc5 12. Rc1 Bb6 13. Na4 Bc7 14. Nc5 Qe7 15.
Bxf6 Qxf6 16. Nxb7 Qe7 17. Rxc6 Bb6 18. Ne5 Qxb7 19. Bxd5 Bxd5 20. Qxd5 Rfd8 21.
Qc4 Rxc6 22. Nxc6 Rd7 23. Rc1 h6 24. a4 Rc7 25. b4 a6 26. b5 axb5 27. axb5 Kh7
28. Qd3+ g6 29. Rd1 Qc8 30. e3 Qe6 31. Nb4 Rc5 32. Nd5 Ba7 33. Qd4 Rxb5 34. Nf6+
Kg7 35. Nh5+ Kf8 36. Qh8+ Ke7 37. Qd8# 1-0

[Event "PNWCC Masters WOO 2020"]
[Site "chess.com INT"]
[Date "2020.07.05"]
[Round "6.52"]
[White "Le, Harry"]
[Black "Pillai, Adithya"]
[Result "1-0"]
[WhiteElo "1833"]
[BlackElo "1663"]
[WhiteFideId "30927838"]
[BlackFideId "30937396"]
[EventDate "2020.07.04"]

1. d4 Nf6 2. c4 g6 3. Nc3 Bg7 4. e4 d6 5. Nge2 O-O 6. Ng3 c5 7. d5 e6 8. Be2
exd5 9. cxd5 a6 10. a4 h5 11. h3 h4 12. Nf1 Qe8 13. Qc2 Nh7 14. Bf4 Qe7 15. Ne3
Ng5 16. Nc4 Rd8 17. Bd3 Ra7 18. Qc1 Bxc3+ 19. bxc3 Nxe4 20. O-O Nf6 21. Re1 Qc7
22. Bg5 Nbd7 23. Bxh4 b6 24. Qf4 Nxd5 25. Bxd8 Nxf4 26. Bxc7 Nxd3 27. Re8+ Kg7
28. Rxc8 d5 29. Nxb6 Rxc7 30. Rxc7 Nxb6 31. Rc6 Nc4 32. Rxa6 d4 33. cxd4 cxd4
34. Rd1 Nb4 35. Rxd4 Nxa6 36. Rxc4 f6 37. a5 Kf7 38. Rc6 Nb4 39. Rb6 Nd5 40.
Rb7+ Ke6 41. a6 Kd6 42. a7 f5 43. a8=Q Ke5 44. Rb5 Kf6 45. Qxd5 Kg5 46. g3 Kf6
47. f4 Kg7 48. Qe5+ Kh6 49. Qh8# 1-0

[Event "PNWCC Masters WOO 2020"]
[Site "chess.com INT"]
[Date "2020.07.05"]
[Round "6.55"]
[White "Guo, Yu Han"]
[Black "Kozower, Ethan"]
[Result "0-1"]
[WhiteElo "1432"]
[BlackElo "1562"]
[WhiteFideId "2623870"]
[BlackFideId "30947227"]
[EventDate "2020.07.04"]

1. Nf3 Nf6 2. d4 e6 3. g3 d5 4. Bg2 Be7 5. c4 dxc4 6. Qa4+ Bd7 7. Qxc4 Bc6 8.
O-O O-O 9. Nc3 Nbd7 10. Bf4 Nb6 11. Qd3 Nfd5 12. Nxd5 Nxd5 13. Bd2 Nf6 14. Rac1
a6 15. Rfe1 Be4 16. Qc4 c6 17. Bh3 Qd5 18. Ne5 Qxc4 19. Nxc4 Rad8 20. e3 h6 21.
Ba5 Rd5 22. Bc3 Rh5 23. Bf1 Rd5 24. Nd2 Bg6 25. Bg2 Rd7 26. Nc4 Be4 27. f3 Bh7
28. Ba5 Bd8 29. Nb6 Bxb6 30. Bxb6 Nd5 31. Ba5 Re8 32. Kf2 Bg6 33. Red1 Rde7 34.
e4 Nf6 35. Bh3 Rd7 36. Rc3 Bxe4 37. fxe4 Nxe4+ 38. Ke3 Nxc3 39. bxc3 Rd5 40. Bc7
e5 41. Kf2 exd4 42. cxd4 c5 43. Rb1 cxd4 44. Rxb7 d3 45. Bg4 d2 46. Bd1 Rc5 47.
Bb3 Rc1 48. Bxf7+ Kxf7 49. Bf4+ Re7 50. Rxe7+ Kxe7 51. Bxd2 Rc2 52. Ke3 Rxa2 53.
Bb4+ Kf7 54. h4 Rb2 55. Ba5 Rb5 56. Bc3 a5 57. Kd4 a4 58. Kc4 Rb1 59. Bb4 Rxb4+
60. Kxb4 Kf6 61. g4 Ke5 62. g5 h5 63. Kxa4 Kf4 64. Kb4 Kg4 65. Kc4 Kxh4 66. g6
Kg5 67. Kd4 Kxg6 68. Ke4 Kg5 69. Kf3 Kf5 70. Kg3 g5 71. Kh3 Kf4 72. Kh2 Kf3 73.
Kh3 g4+ 74. Kh2 g3+ 75. Kh1 g2+ 76. Kg1 h4 77. Kh2 Kf2 78. Kh3 g1=Q 79. Kxh4 Kf3
80. Kh5 Kf4 81. Kh6 Kf5 82. Kh7 Kf6 83. Kh8 Qg7# 0-1

[Event "PNWCC Masters WOO 2020"]
[Site "chess.com INT"]
[Date "2020.07.06"]
[Round "7.1"]
[White "Matlakov, Maxim"]
[Black "Jobava, Baadur"]
[Result "1-0"]
[WhiteTitle "GM"]
[BlackTitle "GM"]
[WhiteElo "2685"]
[BlackElo "2603"]
[WhiteFideId "4168003"]
[BlackFideId "13601520"]
[EventDate "2020.07.04"]

1. d4 Nf6 2. c4 c6 3. Nf3 d5 4. e3 Bf5 5. Nc3 e6 6. Nh4 Bg6 7. Be2 Nbd7 8. O-O
Bd6 9. g3 O-O 10. Nxg6 hxg6 11. Qc2 dxc4 12. Bxc4 Rc8 13. Rd1 c5 14. d5 Nb6 15.
b3 exd5 16. Nxd5 Nbxd5 17. Bxd5 Nxd5 18. Rxd5 Qc7 19. Bb2 Rfd8 20. Rad1 Be7 21.
Be5 Qc6 22. e4 b5 23. Qc3 g5 24. Bxg7 f6 25. Bh6 Kh7 26. Rxd8 Rxd8 27. Rxd8 Bxd8
28. Bf8 c4 29. bxc4 bxc4 30. Qc2 Kg8 31. Bb4 Bc7 32. e5 Bxe5 33. Qg6+ Kh8 34.
Qh6+ Kg8 35. Qf8+ Kh7 36. Qf7+ Kh8 37. Bf8 f5 38. Qxf5 Bf6 39. Qg6 Qb6 40. Be7
Bxe7 41. Qe8+ Kg7 42. Qxe7+ Kh6 43. Qf8+ Kg6 44. Qg8+ Kh6 45. Qxc4 a5 46. h4
gxh4 47. Qxh4+ Kg7 48. Qg5+ Kh8 49. Qe5+ Kg8 50. Qd5+ Kh8 51. Kg2 Qb4 52. Kh3
Qe1 53. f4 Qb4 54. Kg4 a4 55. Kh5 a3 56. f5 Qb2 57. Qd8+ Kh7 58. Qe7+ Kh8 59.
Qf8+ Kh7 60. Qh6+ Kg8 61. Qg5+ Kf8 62. f6 Qh2+ 63. Kg6 Qc2+ 64. Qf5 Qc7 65. Qd3
Qf7+ 66. Kg5 Kg8 67. Qg6+ Kh8 68. Qh5+ 1-0

[Event "PNWCC Masters WOO 2020"]
[Site "chess.com INT"]
[Date "2020.07.06"]
[Round "7.2"]
[White "Demchenko, Anton"]
[Black "Sevian, Samuel"]
[Result "0-1"]
[WhiteTitle "GM"]
[BlackTitle "GM"]
[WhiteElo "2641"]
[BlackElo "2660"]
[WhiteFideId "4160258"]
[BlackFideId "2040506"]
[EventDate "2020.07.04"]

1. d4 Nf6 2. Nf3 g6 3. Bf4 Bg7 4. c3 O-O 5. Nbd2 d6 6. e4 c5 7. dxc5 dxc5 8. h3
Nc6 9. Be2 Nh5 10. Bh2 e5 11. Bb5 Bd7 12. O-O Re8 13. Re1 a6 14. Bf1 b5 15. a4
Rb8 16. axb5 axb5 17. Nb1 c4 18. Na3 Qe7 19. Nc2 Be6 20. Ne3 Red8 21. Qc2 Qc5
22. Ng5 Bd7 23. Nd5 h6 24. Nf3 f5 25. Nb4 Rb6 26. Nxc6 Bxc6 27. exf5 Bxf3 28.
gxf3 Nf4 29. Rad1 Rf8 30. Bxf4 exf4 31. Qe4 Qxf5 32. Rd5 Qxe4 33. Rxe4 Rf7 34.
h4 h5 35. Bh3 Kh7 36. Bd7 b4 37. Rxc4 bxc3 38. bxc3 Rb3 39. Rd3 Rxc3 40. Rdxc3
Bxc3 41. Be8 Re7 42. Bxg6+ Kxg6 43. Rxc3 Re5 44. Rc6+ Kg7 45. Kf1 Kf7 46. Rc4
Rf5 47. Ke2 Kf6 48. Rd4 Re5+ 49. Kd3 Kf5 50. Rd8 Ra5 51. Rf8+ Ke5 52. Rh8 Rd5+
53. Ke2 Kd4 54. Kf1 Ra5 55. Re8 Re5 56. Rf8 Ra5 57. Rxf4+ Ke5 58. Rb4 Kf5 59.
Kg2 Kf6 60. Kg3 Kf5 61. Rb8 Kg6 62. Rg8+ Kf6 63. Rc8 Kf5 64. Rc6 Ra8 65. Rc5+
Kg6 66. Rg5+ Kh6 67. Re5 Ra4 68. Re4 Ra6 69. f4 Rg6+ 70. Kf3 Rg1 71. Re6+ Kh7
72. Re5 Kh6 73. f5 Rh1 74. Re4 Kg7 75. Kg2 Rb1 76. Re6 Rb4 77. Rg6+ Kf7 78. Kg3
Rb3+ 79. f3 Rb4 80. Rh6 Kg7 81. Rxh5 Kf6 82. Rg5 Ra4 83. Rg8 Kxf5 84. h5 Ra1 85.
Kg2 Ra6 86. Kh3 Ra1 87. Rg2 Rf1 88. Kg3 Kg5 89. Rh2 Kh6 90. Kg4 Rg1+ 91. Kf4 Rf1
92. Ke4 Re1+ 93. Kf5 Rf1 94. f4 Ra1 95. Rb2 Rc1 96. Rb8 Ra1 97. Re8 Rb1 98. Rg8
Ra1 99. Rh8+ Kg7 100. Re8 Kh6 101. Kf6 Ra6+ 102. Re6 Ra7 0-1

[Event "PNWCC Masters WOO 2020"]
[Site "chess.com INT"]
[Date "2020.07.06"]
[Round "7.3"]
[White "Esipenko, Andrey"]
[Black "Predojevic, Borki"]
[Result "1/2-1/2"]
[WhiteTitle "GM"]
[BlackTitle "GM"]
[WhiteElo "2682"]
[BlackElo "2601"]
[WhiteFideId "24175439"]
[BlackFideId "930849"]
[EventDate "2020.07.04"]

1. c4 c5 2. Nf3 b6 3. Nc3 Bb7 4. d4 cxd4 5. Nxd4 Nf6 6. f3 e6 7. e4 Nc6 8. Be3
Be7 9. Be2 O-O 10. O-O Qb8 11. Rf2 Rd8 12. Qa4 Nxd4 13. Bxd4 d5 14. cxd5 exd5
15. Bxf6 1/2-1/2

[Event "PNWCC Masters WOO 2020"]
[Site "chess.com INT"]
[Date "2020.07.06"]
[Round "7.4"]
[White "Sargissian, Gabriel"]
[Black "Hovhannisyan, Robert"]
[Result "1/2-1/2"]
[WhiteTitle "GM"]
[BlackTitle "GM"]
[WhiteElo "2682"]
[BlackElo "2642"]
[WhiteFideId "13300881"]
[BlackFideId "13302507"]
[EventDate "2020.07.04"]

1. d4 d5 2. c4 c6 3. Nf3 Nf6 4. Nc3 e6 5. e3 Nbd7 6. Be2 b6 7. O-O Bb7 8. b3 Bd6
9. Bb2 O-O 10. a4 c5 11. a5 bxa5 12. Nb5 Be7 13. Bc3 a6 14. Bxa5 Qc8 15. Nc3 Rb8
16. Rc1 dxc4 17. bxc4 cxd4 18. exd4 Ba3 19. Rc2 Bxf3 20. Bxf3 Qxc4 21. Nb1 Qa4
22. Bc7 Rb2 23. Nxa3 Rxc2 24. Qxc2 Qxc2 25. Nxc2 Rc8 26. Bf4 Rxc2 27. Ra1 Rc4
28. Be3 Nd5 29. Bxd5 exd5 30. Rxa6 Rb4 31. g4 h6 32. Kg2 Rb6 33. Ra5 Nf6 34. Kf3
g5 35. Kg3 Kg7 36. h4 gxh4+ 37. Kxh4 Rb1 38. Kh3 Rh1+ 39. Kg2 Re1 40. Kf3 Rg1
41. Bf4 Nxg4 42. Rxd5 Kg6 43. Rd8 Kf5 44. Rd5+ Kg6 45. Ra5 f6 46. d5 Kf5 47. d6+
Ne5+ 48. Bxe5 fxe5 49. Rd5 Rg8 50. d7 Rd8 51. Rd6 e4+ 52. Ke3 Ke5 53. Rd4 Ke6
54. Kxe4 Rxd7 55. Rxd7 Kxd7 56. Kf5 h5 57. Kg5 Ke6 58. f4 h4 59. Kxh4 Kf5 60.
Kg3 Kf6 61. Kg4 Kg6 62. f5+ Kf6 63. Kf4 Kf7 64. Kg5 Kg7 65. f6+ Kf7 66. Kf5 Kf8
67. Ke6 Ke8 68. f7+ Kf8 69. Kf6 1/2-1/2

[Event "PNWCC Masters WOO 2020"]
[Site "chess.com INT"]
[Date "2020.07.06"]
[Round "7.5"]
[White "Postny, Evgeny"]
[Black "Martinez Alcantara, Jose Eduardo"]
[Result "1/2-1/2"]
[WhiteTitle "GM"]
[BlackTitle "GM"]
[WhiteElo "2600"]
[BlackElo "2620"]
[WhiteFideId "2804344"]
[BlackFideId "3805662"]
[EventDate "2020.07.04"]

1. d4 Nf6 2. c4 e6 3. Nf3 Bb4+ 4. Bd2 c5 5. Bxb4 cxb4 6. g3 b6 7. Bg2 Bb7 8. O-O
a5 9. Qd3 O-O 10. Nbd2 d6 11. Ne1 Nc6 12. Nc2 Rc8 13. Rfd1 Ba6 14. e4 Qc7 15. b3
Qb8 16. Bf1 e5 17. d5 Ne7 18. a3 bxa3 19. Rxa3 Nd7 20. b4 axb4 21. Nxb4 Bb7 22.
Bh3 Nc5 23. Qb1 Rc7 24. Nd3 Bc8 25. Bxc8 Nxc8 26. Nxc5 Rxc5 27. Qb4 Qb7 28. Nb3
Rc7 29. Rb1 Rd7 30. Na5 Qc7 31. Nc6 f5 32. exf5 Rxf5 33. Ra8 Rf8 34. Rba1 h6 35.
Qb1 Rdf7 36. Qg6 Qd7 37. Qe6 Qxe6 38. dxe6 Rc7 39. Nb4 Rxc4 40. Nd5 Rc5 41. Rd1
b5 42. Rb8 Re8 1/2-1/2

[Event "PNWCC Masters WOO 2020"]
[Site "chess.com INT"]
[Date "2020.07.06"]
[Round "7.6"]
[White "Fedoseev, Vladimir3"]
[Black "Hakobyan, Aram"]
[Result "1-0"]
[WhiteTitle "GM"]
[BlackTitle "GM"]
[WhiteElo "2678"]
[BlackElo "2588"]
[WhiteFideId "24130737"]
[BlackFideId "13306677"]
[EventDate "2020.07.04"]

1. d4 Nf6 2. c4 e6 3. Nf3 d5 4. Nc3 Bb4 5. Qa4+ Nc6 6. e3 O-O 7. Qc2 b6 8. cxd5
exd5 9. Bd3 Bb7 10. O-O Re8 11. a3 Bd6 12. b4 a6 13. Bb2 Ne7 14. b5 c6 15. bxa6
Bxa6 16. Bxa6 Rxa6 17. a4 Ng6 18. Ba3 Bb8 19. Na2 c5 20. Rfb1 Ne4 21. Bb2 Nh4
22. Ne1 b5 23. dxc5 Rg6 24. g3 Qg5 25. Bd4 Qh5 26. Nc3 Ng5 27. Qd1 Nhf3+ 28.
Nxf3 Nxf3+ 29. Kg2 Qxh2+ 30. Kxf3 Bxg3 31. Ke2 Bxf2 32. Qh1 Qf4 33. Nxd5 Qf5 34.
Ne7+ 1-0

[Event "PNWCC Masters WOO 2020"]
[Site "chess.com INT"]
[Date "2020.07.06"]
[Round "7.7"]
[White "Safarli, Eltaj"]
[Black "Maghsoodloo, Parham"]
[Result "1/2-1/2"]
[WhiteTitle "GM"]
[BlackTitle "GM"]
[WhiteElo "2598"]
[BlackElo "2676"]
[WhiteFideId "13402129"]
[BlackFideId "12539929"]
[EventDate "2020.07.04"]

1. e4 c5 2. Nf3 Nc6 3. Bb5 e6 4. O-O Nge7 5. d4 cxd4 6. Nxd4 Ng6 7. Be3 Be7 8.
Be2 O-O 9. c4 Nxd4 10. Bxd4 b6 11. Nc3 Bb7 12. Qd2 Qc7 13. f4 f5 14. e5 Bc6 15.
Nb5 Bxb5 16. cxb5 Rac8 17. Rac1 Qb8 18. Qe3 Rxc1 19. Rxc1 Rc8 20. g3 Rxc1+ 21.
Qxc1 Qb7 1/2-1/2

[Event "PNWCC Masters WOO 2020"]
[Site "chess.com INT"]
[Date "2020.07.06"]
[Round "7.8"]
[White "Lintchevski, Daniil"]
[Black "Vitiugov, Nikita"]
[Result "0-1"]
[WhiteTitle "GM"]
[BlackTitle "GM"]
[WhiteElo "2559"]
[BlackElo "2722"]
[WhiteFideId "4171055"]
[BlackFideId "4152956"]
[EventDate "2020.07.04"]

1. e4 c5 2. c3 Nf6 3. e5 Nd5 4. d4 cxd4 5. Nf3 e6 6. cxd4 d6 7. Bc4 Nb6 8. Bd3
Nc6 9. Qe2 Nb4 10. Bb5+ Bd7 11. O-O N4d5 12. Bd3 Nb4 13. Bb5 Be7 14. exd6 Bxd6
15. Nc3 O-O 16. Bg5 Bxb5 17. Qxb5 Qe8 18. Rfc1 h6 19. Be3 Qe7 20. Ne4 N6d5 21.
Nxd6 Qxd6 22. Bd2 Qa6 23. a4 Nd3 24. Qxa6 bxa6 25. Rc6 Rfc8 26. Rxa6 Nxb2 27. h4
Rcb8 28. Ba5 Nd3 29. Rd1 Rb3 30. Bd2 Rb6 31. Ra5 a6 32. Ne1 Rb3 33. Kf1 Nb6 34.
Nxd3 Rxd3 35. Ke2 Rxd4 36. Be3 Rxd1 37. Kxd1 Nd5 38. Bd4 Rd8 39. Be5 f6 40. Bg3
e5 41. h5 Nb4+ 42. Ke2 Rc8 43. Kd1 Rc6 44. f3 Kf7 45. Bf2 Nd3 46. Ba7 Ke6 47. g4
Rd6 48. Bb8 Rb6 49. Ba7 Rc6 50. Be3 Kd6 51. Bd2 Ke6 52. Be3 Nb2+ 53. Ke2 Nc4 54.
Rc5 Kd6 55. Rxc6+ Kxc6 56. Bf2 Nb2 57. a5 Nc4 58. Be1 Kd5 59. Bb4 e4 60. Bf8 Ne5
61. Bxg7 exf3+ 62. Ke3 Ke6 63. Bf8 Kf7 64. Bb4 f2 65. Ke2 Nxg4 66. Bd2 Ke6 67.
Bc1 Kf5 68. Bd2 Ke4 69. Bc1 f5 70. Bd2 f4 71. Bc1 Kf5 72. Bd2 Kg5 73. Bc1 Ne5
74. Bd2 Nd3 0-1

[Event "PNWCC Masters WOO 2020"]
[Site "chess.com INT"]
[Date "2020.07.06"]
[Round "7.9"]
[White "Brodsky, David"]
[Black "Oparin, Grigoriy"]
[Result "1/2-1/2"]
[WhiteTitle "IM"]
[BlackTitle "GM"]
[WhiteElo "2455"]
[BlackElo "2652"]
[WhiteFideId "2073250"]
[BlackFideId "24125890"]
[EventDate "2020.07.04"]

1. e4 e5 2. Nf3 Nc6 3. Bc4 Nf6 4. d3 h6 5. c3 g5 6. d4 d6 7. dxe5 dxe5 8. Qxd8+
Nxd8 9. h4 g4 10. Nxe5 Bd6 11. Nd3 Nxe4 12. Nd2 Nxd2 13. Bxd2 Be6 14. Bb3 Bf5
15. Nf4 Ne6 16. Nxe6 Bxe6 17. Bxe6 fxe6 18. h5 Ke7 19. Be3 e5 20. Ke2 Ke6 21. a4
a5 22. Kd3 Kf5 23. Kc4 Ra6 24. b4 Raa8 25. b5 Be7 26. Rad1 Ke6 27. Kd3 Kf5 28.
Kc4 Rac8 29. Rhe1 Bf6 30. Rd7 Ke6 31. Red1 Be7 32. Kb3 Bd6 33. Rg7 Rcg8 34. Rxg8
Rxg8 35. c4 b6 36. Kc2 Rf8 37. Kd3 Bc5 38. Ke4 g3 39. fxg3 Bxe3 40. Kxe3 Rg8 41.
Kf3 Rf8+ 42. Ke3 Rf5 43. Rc1 Rxh5 44. c5 Rg5 45. cxb6 cxb6 46. Rc6+ Kd5 47. Rxb6
Rxg3+ 48. Kf2 Rg4 49. Rxh6 Rxa4 50. Ra6 Rf4+ 51. Ke3 a4 52. b6 Kc6 53. Ra5 Rg4
54. Rxe5 Rxg2 55. Kd3 a3 56. Kc3 Kxb6 57. Kb3 a2 58. Re1 Kb5 59. Ra1 Rg4 60.
Rxa2 Rg3+ 61. Kb2 Rg2+ 62. Kb3 Rxa2 63. Kxa2 1/2-1/2

[Event "PNWCC Masters WOO 2020"]
[Site "chess.com INT"]
[Date "2020.07.06"]
[Round "7.10"]
[White "Kuzubov, Yuriy"]
[Black "Shyam, Sundar M."]
[Result "0-1"]
[WhiteTitle "GM"]
[BlackTitle "GM"]
[WhiteElo "2643"]
[BlackElo "2518"]
[WhiteFideId "14112906"]
[BlackFideId "5019141"]
[EventDate "2020.07.04"]

1. d4 Nf6 2. Nf3 c5 3. c3 b6 4. Bg5 Bb7 5. e3 e6 6. Bd3 Be7 7. O-O h6 8. Bh4 O-O
9. Nbd2 d6 10. h3 cxd4 11. exd4 Nh5 12. Bxe7 Qxe7 13. Re1 Nf4 14. Bf1 Qc7 15.
Rc1 Nd7 16. g3 Ng6 17. h4 Nf6 18. Bg2 Rfe8 19. c4 Rac8 20. b4 a6 21. Nf1 Qb8 22.
Ne3 Qa8 23. Nd2 Bxg2 24. Nxg2 a5 25. b5 e5 26. c5 bxc5 27. dxc5 dxc5 28. Nc4
Rcd8 29. Qb3 a4 30. Qb2 e4 31. b6 Qa6 32. Nge3 Rd4 33. Nf5 Rxc4 34. Rxc4 Qxc4
35. Nd6 Qe6 36. Nxe8 Qxe8 37. b7 Nd7 38. Qb5 Nge5 39. Rb1 Qb8 40. Qxa4 c4 41.
Qa8 Kh7 42. Qxb8 Nxb8 43. Rc1 Kg6 44. Kf1 Kf6 45. Ke2 Ke6 46. Ke3 Kd5 47. Rd1+
Nd3 48. a4 c3 49. Rxd3+ exd3 50. Kxd3 Kc6 51. Kxc3 Kxb7 52. Kd4 Kc6 53. Ke5 Kc5
54. g4 Nc6+ 55. Ke4 Kd6 56. f4 Ke6 57. g5 f5+ 58. Kd3 Kd5 59. h5 Nd4 60. a5 Nc6 0-1

[Event "PNWCC Masters WOO 2020"]
[Site "chess.com INT"]
[Date "2020.07.06"]
[Round "7.11"]
[White "Swiercz, Dariusz"]
[Black "Flom, Gabriel"]
[Result "1-0"]
[WhiteTitle "GM"]
[BlackTitle "GM"]
[WhiteElo "2649"]
[BlackElo "2514"]
[WhiteFideId "1126881"]
[BlackFideId "621650"]
[EventDate "2020.07.04"]

1. e4 c5 2. Nf3 e6 3. d4 cxd4 4. Nxd4 a6 5. Bd3 Bc5 6. Nb3 Be7 7. Be3 Qc7 8. f4
d6 9. Qe2 Nf6 10. N1d2 Nc6 11. O-O-O b5 12. Kb1 1-0

[Event "PNWCC Masters WOO 2020"]
[Site "chess.com INT"]
[Date "2020.07.06"]
[Round "7.12"]
[White "Kovalev, Vladislav"]
[Black "Vokhidov, Shamsiddin"]
[Result "1/2-1/2"]
[WhiteTitle "GM"]
[BlackTitle "GM"]
[WhiteElo "2648"]
[BlackElo "2512"]
[WhiteFideId "13504398"]
[BlackFideId "14204223"]
[EventDate "2020.07.04"]

1. e4 e5 2. Nf3 Nc6 3. Bc4 Bc5 4. c3 Nf6 5. d4 exd4 6. e5 d5 7. Bb5 Ne4 8. cxd4
Bb6 9. Nc3 O-O 10. Be3 Bg4 11. h3 Bh5 12. Qc2 Bg6 13. Qb3 Ne7 14. O-O c6 15. Bd3
Nxc3 16. Qxc3 Bxd3 17. Qxd3 Ng6 18. Ng5 Qd7 19. f4 f6 20. Nf3 fxe5 21. Nxe5 Qf5
22. Qxf5 Rxf5 23. Rae1 Nxe5 24. fxe5 Rxf1+ 25. Kxf1 Kf7 26. Ke2 Rf8 27. Kd3 Ke6
28. b4 a6 29. a4 Bd8 30. Rc1 Be7 31. b5 axb5 32. axb5 Rc8 33. Ra1 cxb5 34. Ra5
b4 35. Bd2 b6 36. Rb5 Rb8 37. Bxb4 Bxb4 38. Rxb4 b5 39. g4 Rb6 40. Ke3 g5 41.
Kd3 Kd7 42. Rb2 b4 43. Rf2 Ke7 44. Rb2 Kd7 45. Rb1 Ke6 46. Kd2 Kd7 47. Rf1 b3
48. Kc3 b2 49. Rb1 Rc6+ 50. Kxb2 Rc4 51. Rd1 h6 52. Kb3 Ke7 53. Rd3 Ke6 54. Rd2
Ke7 55. Rd3 Ke6 56. Rd2 Ke7 57. Rd3 1/2-1/2

[Event "PNWCC Masters WOO 2020"]
[Site "chess.com INT"]
[Date "2020.07.06"]
[Round "7.13"]
[White "Ter-Sahakyan, Samvel"]
[Black "Yang, Kaiqi"]
[Result "1-0"]
[WhiteTitle "GM"]
[BlackTitle "GM"]
[WhiteElo "2640"]
[BlackElo "2481"]
[WhiteFideId "13302531"]
[BlackFideId "8604398"]
[EventDate "2020.07.04"]

1. e4 e5 2. Nf3 Nc6 3. Bb5 Nf6 4. d3 Bc5 5. Bxc6 dxc6 6. Nbd2 Be6 7. O-O Nd7 8.
Nb3 Bb6 9. Ng5 Bxb3 10. axb3 f6 11. Nf3 Nf8 12. Nd2 Qd7 13. Nc4 Ne6 14. Be3 O-O
15. Qg4 Rfd8 16. Kh1 Bd4 17. Ra2 a6 18. Bd2 Rab8 19. g3 Bc5 20. Bc3 Nd4 21. Qxd7
Rxd7 22. Bxd4 Bxd4 23. Kg2 Bb6 24. Kf3 Re8 25. Ke2 g6 26. Ra4 Kg7 27. Rb4 f5 28.
Nxb6 cxb6 29. Rxb6 fxe4 30. dxe4 Red8 31. Ke3 Kf6 32. Ra1 g5 33. Rb4 g4 34. Rba4
Rd2 35. Rc1 h5 36. Ra5 Ke6 37. Rc5 R8d4 38. Rc3 Rd7 39. Re1 Rd8 40. Re2 Rd1 41.
f4 Rf1 42. f5+ Kf6 43. Rd3 Rxd3+ 44. Kxd3 b5 45. b4 Rd1+ 46. Ke3 Rb1 47. c3 Ke7
48. h3 Rg1 49. Kf2 Rh1 50. Kg2 Rd1 51. hxg4 hxg4 52. Kf2 Rh1 53. Ke3 Rg1 54. Rh2
Rxg3+ 55. Ke2 Rg1 56. Rh6 Rb1 57. Rxc6 Rxb2+ 58. Kf1 Rc2 59. Rxa6 Rxc3 60. Re6+
Kf7 61. Rxe5 Rc4 62. Kf2 Kf6 63. Re6+ Kg5 64. Ke3 Rxb4 65. Rg6+ Kh5 66. Kf4 Rb1
67. Rg5+ Kh6 68. Rxg4 b4 69. Rg6+ Kh7 70. Ke5 b3 71. Rg2 b2 72. Re2 Kg7 73. Ke6
Kf8 74. e5 Ke8 75. f6 Kf8 76. Rd2 Kg8 77. f7+ Kg7 78. Rg2+ Kh7 79. f8=Q 1-0